000 00323nam a22001337a 4500
999 _c13865
_d13865
020 _a978-0132492645
082 _a005.1
100 _aMaureen Sprankle & Jim Hubbard
245 _aProblem Solving and Programming Concepts
250 _a9th Edition
260 _aBoston
_bPearson
_c2012
300 _a528 pages
942 _cBK